Revolish toefl iBT Prep : Four skills reading, listening, speaking, writing

Salvato in:
Dettagli Bibliografici
Autore principale: Kim, Nathan
Natura: Libro
Lingua:Undetermined
Pubblicazione: Thành phố Hồ Chí Minh Trẻ 2008
Soggetti:
Tags: Aggiungi Tag
Nessun Tag, puoi essere il primo ad aggiungerne! !
Thư viện lưu trữ: Trung tâm Học liệu Trường Đại học Cần Thơ
LEADER 00749nam a2200241Ia 4500
001 CTU_155395
008 210402s9999 xx 000 0 und d
020 |c 100000 
082 |a 428.0076 
082 |b K49/Vol.1 
100 |a Kim, Nathan 
245 0 |a Revolish toefl iBT Prep : 
245 0 |b Four skills reading, listening, speaking, writing 
245 0 |c Nathan Kim, Peggy Anderson, Elaine Cho 
260 |a Thành phố Hồ Chí Minh 
260 |b Trẻ 
260 |c 2008 
650 |a English language,Tiếng Anh 
650 |x TOEFL,TOEFL 
904 |i QHieu 
910 |a Mai chuyển số PL từ 428.24 thành 428.0076 chưa in nhãn 
915 |a 400 
980 |a Trung tâm Học liệu Trường Đại học Cần Thơ